Statistiken für KFZ-Kennzeichen Brandenburg

Klicken Sie hier um das Quiz zu spielen!

Allgemein

  • Dieses Quiz wurde 68 mal gespielt
  • Das Durchschnittsergebnis liegt bei 27 aus 45

Antwortstatistiken

AbkürzungStadt oder Landkreis% Korrekt
PPotsdam
100%
BRBBrandenburg an der Havel
98%
CBCottbus
94%
FFFrankfurt (Oder)
92%
HVLHavelland
91%
BARLandkreis Barnim
89%
OHVLandkreis Oberhavel
87%
EELandkreis Elbe-Elster
77%
PRLandkreis Prignitz
75%
UMLandkreis Uckermark
75%
PMLandkreis Potsdam-Mittelmark
74%
NAUNauen
72%
EWEberswalde
70%
ANGAngermünde
68%
TFLandkreis Teltow-Fläming
68%
FIFinsterwalde
64%
GUBGuben
64%
BERBernau bei Berlin
62%
KWKönigs Wusterhausen
62%
LOSLandkreis Oder-Spree
62%
MOLMärkisch-Oderland
60%
SFBSenftenberg
60%
FWFürstenwalde/Spree
55%
NPNeuruppin
55%
EHEisenhüttenstadt
53%
FORForst (Lausitz)
53%
LDSLandkreis Dahme-Spreewald
53%
PZPrenzlau
51%
KYKyritz
47%
SEESeelow
47%
SPBSpremberg
47%
FRWBad Freienwalde (Oder)
45%
CACalau
45%
OPRLandkreis Ostprignitz-Ruppin
45%
BSKBeeskow
43%
OSLLandkreis Oberspreewald-Lausitz
43%
SPNLandkreis Spree-Neiße
43%
LNLübben (Spreewald)
40%
RNRathenow
38%
SDTSchwedt/Oder
38%
TPTemplin
38%
LCLuckau
32%
SRBStrausberg
30%
LIBBad Liebenwerda
28%
WKWittstock/Dosse
26%

Verteilung der Resultate

Perzentil nach korrekt beantworteten Fragen

Anzahl Personen mit jedem Resultat

Ihre Resultats-Entwicklung

Sie haben dieses Quiz noch nicht gespielt